La geografia astronomica esposta ai giovinetti ed al popolo

Gespeichert in:
Bibliographische Detailangaben
1. Verfasser: Da Passano, Gerolamo (VerfasserIn)
Format: Buch
Sprache:Italienisch
Erschienen: Genova : Tip. Sordomuti, 1870
Ausgabe:6. ed. :
Katalog:EDISCO:  Suchergebnis im Bibliothekskatalog
Schulbuchspezifische Eigenschaften:
Schlagworte:
Tags: Tag hinzufügen
Keine Tags, Fügen Sie den ersten Tag hinzu!
Hinzugefügt zu:30.04.2016
Geändert in:04.10.2017

MARC

LEADER 00000aam a22000007 4500
001 23548
003 OSt
005 20171004090832.0
008 160501s1870 it 000 0 ita
040 |c milena maione 
041 1 |a ita 
100 |9 920  |a Da Passano, Gerolamo  |e Author 
245 0 0 |a La geografia astronomica esposta ai giovinetti ed al popolo /   |c Gerolamo Da Passano 
250 |a 6. ed. :  |b notevolmente accresciuta secondo i progressi della scienza 
260 |a Genova :   |b Tip. Sordomuti,   |c 1870 
300 |a 352 p. ;   |c in 12° 
500 |a Nel front.: opera premiata nel concorso del 3. Congresso pedagogico in Milano e nell'Esposizione didattica di Torino del 1869 con medaglia di 1. grado e proposta nelle istruzioni ministeriali approvate con R. Dec. 10 ott. 1869. 
650 4 |a Astronomia  |9 921 
655 |a Manuale  |9 9 
690 7 |a Gioventù studiosa  |9 120 
901 |a 7 
942 |2 ddc  |c BK 
546 |a ita 
999 |c 23536  |d 23536 
999 |c edisco:23536  |d 23536